MARC details
| 000 -LEADER |
| fixed length control field |
01770nam a22003735i 4500 |
| 003 - CONTROL NUMBER IDENTIFIER |
| control field |
EG-ScBUE |
| 005 - DATE AND TIME OF LATEST TRANSACTION |
| control field |
20201117114044.0 |
| 008 - FIXED-LENGTH DATA ELEMENTS--GENERAL INFORMATION |
| fixed length control field |
200219s2019 cc f 000 0 chi d |
| 020 ## - INTERNATIONAL STANDARD BOOK NUMBER |
| International Standard Book Number |
9787561909553 |
| 040 ## - CATALOGING SOURCE |
| Original cataloging agency |
EG-ScBUE |
| Language of cataloging |
eng |
| Description conventions |
rda |
| Transcribing agency |
EG-ScBUE |
| Modifying agency |
EG-ScBUE |
| 041 1# - LANGUAGE CODE |
| Language code of text/sound track or separate title |
chi |
| -- |
eng |
| Language code of original and/or intermediate translations of text |
eng |
| 082 04 - DEWEY DECIMAL CLASSIFICATION NUMBER |
| Classification number |
495.1 |
| Item number |
YIN |
| Edition number |
22 |
| 245 00 - TITLE STATEMENT |
| Title |
英汉翻译敎程 / |
| Statement of responsibility, etc |
杜玉兰 主编, 熊文华 编著 = YingHan fanyi jiaocheng / Du Yulan zhu bian, Xiong Wenhua bian zhu = English-Chinese translation course / edited by Yulan Du, Wenhua Xiong. |
| 246 31 - VARYING FORM OF TITLE |
| Title proper/short title |
YingHan fanyi jiaocheng |
| 246 31 - VARYING FORM OF TITLE |
| Title proper/short title |
English-Chinese translation course |
| 250 ## - EDITION STATEMENT |
| Edition statement |
第7版 = |
| Remainder of edition statement |
Di 7 ban = seventh edition. |
| 264 #1 - PUBLICATION, DISTRIBUTION, ETC. (IMPRINT) |
| Place of publication, distribution, etc |
Beijing : |
| Name of publisher, distributor, etc |
Beijing Language and Culture University Press, |
| Date of publication, distribution, etc |
2019. |
| 264 #1 - PUBLICATION, DISTRIBUTION, ETC. (IMPRINT) |
| Place of publication, distribution, etc |
北京 : |
| Name of publisher, distributor, etc |
北京语言文化大学出版社 = Beijing yu yan wen hua da xue chu ban she, |
| Date of publication, distribution, etc |
2019. |
| 300 ## - PHYSICAL DESCRIPTION |
| Extent |
119 pages ; |
| Dimensions |
24 cm. |
| 336 ## - CONTENT TYPE |
| Content type term |
text |
| Content type code |
txt |
| Source |
rdacontent |
| 337 ## - MEDIA TYPE |
| Media type term |
unmediated |
| Media type code |
n |
| Source |
rdamedia |
| 338 ## - CARRIER TYPE |
| Carrier type term |
volume |
| Carrier type code |
nc |
| Source |
rdacarrier |
| 490 0# - SERIES STATEMENT |
| Series statement |
对外汉语本科系列教材. |
| -- |
语言技能类(二年级) = |
| -- |
Dui wai Han yu ben ke xi lie jiao cai. |
| -- |
Yu yan ji neng lei (er nian ji) |
| -- |
Series of textbooks for undergraduate Chinese as a foreign language. |
| -- |
Language skills (second grade) |
| 521 3# - TARGET AUDIENCE NOTE |
| Target audience note |
For grade 2. |
| 546 ## - LANGUAGE NOTE |
| Language note |
Text in English and Chinese ; translation from original English. |
| 650 #7 - SUBJECT ADDED ENTRY--TOPICAL TERM |
| Topical term or geographic name as entry element |
English language |
| General subdivision |
Translating into Chinese. |
| Source of heading or term |
BUEsh |
| 650 #7 - SUBJECT ADDED ENTRY--TOPICAL TERM |
| Topical term or geographic name as entry element |
Chinese language |
| Form subdivision |
Textbooks for foreign speakers. |
| Source of heading or term |
BUEsh |
| 650 #7 - SUBJECT ADDED ENTRY--TOPICAL TERM |
| Topical term or geographic name as entry element |
Chinese language |
| General subdivision |
Study and teaching |
| -- |
Foreign speakers. |
| Source of heading or term |
BUEsh |
| 653 ## - INDEX TERM--UNCONTROLLED |
| Resource For college |
Humanities: Chinese |
| Arrived date list |
November2020 |
| 655 ## - INDEX TERM--GENRE/FORM |
| Form subdivision |
Text book |
| 9 (RLIN) |
33728 |
| 700 1# - ADDED ENTRY--PERSONAL NAME |
| Personal name |
Du, Yulan, |
| Relator term |
editor. |
| 700 1# - ADDED ENTRY--PERSONAL NAME |
| Personal name |
Xiong, Wenhua, |
| Relator term |
editor. |
| 942 ## - ADDED ENTRY ELEMENTS (KOHA) |
| Source of classification or shelving scheme |
Dewey Decimal Classification |
| Koha item type |
Book - Borrowing |